| 000 | 00880nam a22002057a 4500 | ||
|---|---|---|---|
| 005 | 20140702120955.0 | ||
| 010 | _aENG-109749 | ||
| 020 |
_a9788173818325 _c135.00 |
||
| 035 | _aEN-93282 | ||
| 037 | _bDBAD/PUB | ||
| 082 | _a615.321 | ||
| 100 | _aAcharya, Alka | ||
| 245 | 0 | 0 |
_aGentle healing in your hands : _cby Alka Acharya [and] Bankey Bihari Mishra _bholistic and powerful home remedies homoeo and biochemic / |
| 260 |
_aKolkata _bNew Central Book Agency _c2013 |
||
| 270 |
_a8/1 Chintamoni Das Lane _bKolkata _e700009 |
||
| 300 |
_axvii,161p. _c24cm(pbk) |
||
| 500 | _aIncludes bibliographical references | ||
| 700 | _aMishra, Bankey Bihari | ||
| 942 |
_2ddc _cEN _mACH _h615.321 |
||
| 999 |
_c83651 _d83651 |
||